Государственное (конституционное) право Республики Абхазия. Т. 1: [Развитие абхазской государственности. Основы конституционного строя Республики Абхазия] (Запись № 1571816)
[ простой вид ]
| 000 -МАРКЕР | |
|---|---|
| контрольное поле | 01463nam2a2200241 4500 |
| 001 - ИДЕНТИФИКАТОР ЗАПИСИ | |
| контрольное поле | RU\NLR\bibl\1467374 |
| 005 - ИДЕНТИФИКАТОР ВЕРСИИ | |
| контрольное поле | 20250616000739.0 |
| 021 ## - НОМЕР ГОСУДАРСТВЕННОЙ РЕГИСТРАЦИИ | |
| Код страны | Российская Федерация |
| Номер | 2009-103916 |
| Номер Листа государственной регистраци | 6619 |
| 035 ## - ДРУГИЕ СИСТЕМНЫЕ НОМЕРА | |
| Идентификатор записи | (NLR Aleph) 001459096 |
| 100 ## - ДАННЫЕ ОБЩЕЙ ОБРАБОТКИ | |
| Данные общей обработки | 20100201d2009 |||y0rusy50 ca |
| 101 0# - ЯЗЫК РЕСУРСА | |
| Язык текста, звукозаписи и т.д. | русский |
| 102 ## - СТРАНА ПУБЛИКАЦИИ ИЛИ ПРОИЗВОДСТВА | |
| Страна публикации | Российская Федерация |
| 105 ## - ПОЛЕ КОДИРОВАННЫХ ДАННЫХ: ТЕКСТОВЫЕ МАТЕРИАЛЫ, МОНОГРАФИЧЕСКИЕ | |
| Кодированные данные о монографическом текстовом документе | a ||||||||| |
| 200 1# - ЗАГЛАВИЕ И СВЕДЕНИЯ ОБ ОТВЕТСТВЕННОСТИ | |
| Основное заглавие | [Развитие абхазской государственности. Основы конституционного строя Республики Абхазия] |
| 215 ## - ФИЗИЧЕСКАЯ ХАРАКТЕРИСТИКА | |
| Специфическое обозначение материала и объем | 412 с., [3] л. цв. ил. |
| 461 #0 - УРОВЕНЬ НАБОРА | |
| Встроенное поле | 001RU\NLR\bibl\1469518 |
| -- | 2001#$aГосударственное (конституционное) право Республики Абхазия$vТ. 1 |
| Системный номер (АБИС) связанной записи | 1584630 |
| Автор | Барциц, И. Н. (1969-) |
| Место публикации | Москва |
| Дата публикации | 2009 |
| Первые сведения об ответственности | И.Н. Барциц |
| Имя издателя, распространителя и т.д. | Изд-во РАГС |
| Сведения, относящиеся к заглавию | [по состоянию на 1 сентября 2009 года с учетом проекта Конституционного закона "О поправках к главам 3,4,5,7 Конституции Республики Абхазия"] : в 2 т. |
| Заглавие | Государственное (конституционное) право Республики Абхазия |
| ISBN | 978-5-7729-0455-8 |
| Номер тома | Т. 1 |
| 517 0# - ДРУГИЕ ВАРИАНТЫ ЗАГЛАВИЯ | |
| Вариант заглавия | Основы конституционного строя Республики Абхазия |
| 801 #0 - ИСТОЧНИК ЗАПИСИ | |
| Страна | Российская Федерация |
| Организация | NLR |
| Дата составления | 20100201 |
| Правила каталогизации | RCR |
| 801 #1 - ИСТОЧНИК ЗАПИСИ | |
| Страна | Российская Федерация |
| Организация | NLR |
| Дата составления | 20100201 |
| 942 ## - ДОПОЛНИТЕЛЬНЫЕ ЭЛЕМЕНТЫ ЗАПИСИ (АБИС) | |
| Тип экземпляра АБИС | Книга |
| 980 ## - КОЛЛЕКЦИЯ | |
| Название коллекции | Национальная библиография |
| Тип экземпляра | Дата поступления | Источник поступления | Стоимость | Библиотека постоянного хранения | Библиотека текущего хранения | Место хранения | Шифр хранения | Штрих-код | Статус экземпляра |
|---|---|---|---|---|---|---|---|---|---|
| Книга | 01.02.2010 | Дар | 400.00 | РНБ (Московский) | РНБ (Московский) | Русский книжный фонд: издания с 1957 года | 2010-7/403 | 3091903 | |
| Книга | 17.02.2010 | Обязательный экземпляр | РНБ (Московский) | РНБ (Московский) | Русский книжный фонд: издания с 1957 года | 2010-7/403 | 3104563 | ||
| Книга | 17.02.2010 | Обязательный экземпляр | РНБ (Садовая) | РНБ (Садовая) | Фонд международного книгообмена | 3104564 |